000 00963nam a22002177a 4500
999 _c6784
_d6784
003 AR-CdUCM
008 190319b ||||| |||| 00| 0 spa d
040 _aMUNICIPALIDAD PROVINCIAL DEL CUSCO
_cBIBLIOTECA MUNICIPAL DEL CUSCO
041 _heng
082 _a025.42 /
_bM43
100 _aMerrill, William Stetson
_919096
245 _aCódigo para clasificadores :
_bnormas para la ordenación de libros según los principales sistemas de clasificación /
260 _aBuenos Aires :
_bEdit. Kapelusz,
_c1958.
300 _a209 páginas ;
_c24 cm.
505 _aContenido: Principios generales -- Instrucciones para todo tipo de material -- Tipos especiales de material bibliográfico -- Divisiones de forma -- Libro destinados a un tipo determinado de lector ...
650 _aClasificación bibliográfica
_919097
650 _aManuales, ensayos, conferencias
_919098
650 _aSistemas de clasificación
_919099
942 _2ddc
_cLIBROS
945 _aachl